000 00738nam a2200205 4500
001 108398
003 ES-MaACL
005 20250407063109.0
007 t|
008 061121s1946 sp r ||||1| spa d
100 1 _aMontero Díaz, Santiago,
_d1911-1985
_982517
245 1 0 _aLiteratura bizantina y griega moderna /
_cSantiago Montero Díaz.
260 _aMadrid :
_b[s.n.],
_c1946.
300 _a9 h. ;
_c24 cm.
595 _aTirada aparte de: Historia de la literatura universal, dirigida por Ciriaco Pérez Bustamante.
650 4 _aLiteratura bizantina-
_xHistoria y crítica.
_9172272
650 4 _aLiteratura griega moderna-
_xHistoria y crítica.
_9172270
852 _aES-MaACL
_j1580-F-10
999 _c108398
_d108398